000 00471nam a22001817a 4500
003 MPLRDC
005 20220104143017.0
008 210129b ||||| |||| 00| 0 eng d
020 _a967-84-1206-3
082 _a859.6 XXHW v.3
100 _a洪全编写; 克宾绘图
245 _a好心人
_c
260 _a
_b大传出版有限公司
_c
300 _b
490 _a小学华文辅助读物三,四年级
650 _a辅助读物
942 _cBK
_o859.6 XXHW v.3
999 _c35750
_d35740